000 00319nam a22001217a 4500
008 160518b xxu||||| |||| 00| 0 eng d
020 _a9780781791182
020 _a9780781791182
041 _aeng
080 _a618.2
245 _aHealth assessment in nursing:
_cJanet Weber; Jane Kelley; Ann Sprengel;
942 _2udc
_cBK
999 _c2163
_d2163